01669nam a2200361 i 4500001001000000003000900010005001700019007000300036008004100039040003000080041000800110082002200118100005200140245004200192264005200234300004500286336002700331337003300358338002800391500006300419504003900482590002700521650004000548650002000588650002500608910003700633942001400670952014400684952018900828952013401017952013901151999001701290000021613DO-SdBNP20251002121933.0ta100909s1978 dr a 000 0 spa d aDO-SdBNPbspacBNPHUerda aspa 4a305.42bY22e 2221 aYangüela, Violeta,d1942-eautor4aut.94498710aEsclava te doy /cVioleta Yangüela. 4aSanto Domingo :bEditora Alfa y Omega,c©1978. a235 páginas :bilustraciones ;c15 cm. atextobtxt2rdacontent asin mediaciónbn2rdamedia avolumenbnc2rdacarrier aIncluye datos biográficos del autor en la contracubierta aBibliografía : páginas 231-232 aInventariado, 2018/MFF 4aMujeresxCondiciones sociales92063 4aFeminismo92525 4aRoles sexuales95380 aValidado. Control de calidad MFF 2ddccLBS1 00102ddc56708DSaBNPHUbBNPHUcHDd2011-02-17l0oBNPHU DS 305.42 Y22ep21613-30r2020-06-25te.3w2020-06-25yLBS1ZPréstamo en sala 00102ddc56708DSaBNPHUbBNPHUcHDd2011-02-17eDonado por Federico Henríquez Gratereauxl0oBNPHU DS 305.42 Y22e p21613-40r2020-06-25te.4w2020-06-25yLBS1ZPréstamo en sala 00102ddc51708PDaBNPHUbBNPHUcMId2010-09-09l0oBNPHU PD 305.42 Y22e p21613-10r2020-06-25w2020-06-25yLBS1ZNo se presta 00102ddc51708PDaBNPHUbBNPHUcHDd2011-02-14l0oBNPHU PD 305.42 Y22e p21613-20r2020-06-25te.2w2020-06-25yLBS1ZNo se presta c21112d21112